| 000 | 00356 a2200097 4500 | ||
|---|---|---|---|
| 020 | _a9261014615 | ||
| 920 | _a92-61-01461-5 | ||
| 245 | 0 |
_aCCIR Plenary Assembly Geneva, 1982 - Recommendations and Reports : _bMobile Services / _c. _nVol.8 |
|
| 710 | 2 |
_aInternational Telecommunication Union. _eWydawca _4pbl |
|
| 260 |
_aGeneva : _bITU, _c1982. |
||
| 300 |
_aXXVIII, 881 s.: _bil.; _c30 cm. |
||
| 999 |
_c13321 _d13321 |
||